000
00192 a2200097 4500
001
1584
100
_a
Cheslers, J.H
245
_a
Iron and steel
260
_a
_b
Nelson
_c
090
_c
1123
_d
1123
942
_a
NUST-CAE
_c
M
_c
1370
999
_c
236657
_d
236657